Príklady uplatňovania zábezpeky na daň v roku 2016

Úpravy v ustanovení paragrafu 4c zákona č. 222/2004 Z. z. o dani z pridanej hodnoty. Zmiernenie negatívnych dôsledkov zábezpeky pre zdaniteľné osoby, ktoré požiadali o registráciu pre daň.

Salvato in:
Dettagli Bibliografici
Autore principale: Válek, Juraj, 1981-
Natura: Capitolo di libro
Lingua:slovacco
Soggetti:
Tags: Aggiungi Tag
Nessun Tag, puoi essere il primo ad aggiungerne!!

MARC

LEADER 00000naa a2200000 4500
001 0222384
005 20240502073637.1
041 0 |a slo 
044 |a SK 
245 1 0 |a Príklady uplatňovania zábezpeky na daň v roku 2016  |c Juraj Válek 
520 |a Úpravy v ustanovení paragrafu 4c zákona č. 222/2004 Z. z. o dani z pridanej hodnoty. Zmiernenie negatívnych dôsledkov zábezpeky pre zdaniteľné osoby, ktoré požiadali o registráciu pre daň. 
610 2 0 |a dane z hodnoty pridanej 
610 2 0 |a povinnosť daňová 
610 2 0 |a úrady daňové 
610 2 0 |a registrácia 
610 2 0 |a politika daňová 
610 2 0 |a právo daňové 
610 2 0 |a zákony 
100 1 |a Válek, Juraj, 1981-